<?xml version="1.0" encoding="UTF-8"?><?xml-stylesheet type="text/xsl" href="static/style.xsl"?><OAI-PMH xmlns="http://www.openarchives.org/OAI/2.0/" xmlns:xsi="http://www.w3.org/2001/XMLSchema-instance" xsi:schemaLocation="http://www.openarchives.org/OAI/2.0/ http://www.openarchives.org/OAI/2.0/OAI-PMH.xsd"><responseDate>2026-04-28T19:03:49Z</responseDate><request verb="GetRecord" identifier="oai:uvadoc.uva.es:10324/41006" metadataPrefix="marc">https://uvadoc.uva.es/oai/request</request><GetRecord><record><header><identifier>oai:uvadoc.uva.es:10324/41006</identifier><datestamp>2025-03-26T19:10:03Z</datestamp><setSpec>com_10324_1146</setSpec><setSpec>com_10324_931</setSpec><setSpec>com_10324_894</setSpec><setSpec>col_10324_1262</setSpec></header><metadata><record xmlns="http://www.loc.gov/MARC21/slim" xmlns:doc="http://www.lyncode.com/xoai" xmlns:xsi="http://www.w3.org/2001/XMLSchema-instance" xmlns:dcterms="http://purl.org/dc/terms/" xsi:schemaLocation="http://www.loc.gov/MARC21/slim http://www.loc.gov/standards/marcxml/schema/MARC21slim.xsd">
<leader>00925njm 22002777a 4500</leader>
<datafield tag="042" ind1=" " ind2=" ">
<subfield code="a">dc</subfield>
</datafield>
<datafield tag="720" ind1=" " ind2=" ">
<subfield code="a">Arguedas, Carmen</subfield>
<subfield code="e">author</subfield>
</datafield>
<datafield tag="720" ind1=" " ind2=" ">
<subfield code="a">Cabo García, Francisco José</subfield>
<subfield code="e">author</subfield>
</datafield>
<datafield tag="720" ind1=" " ind2=" ">
<subfield code="a">Martín Herrán, Guiomar</subfield>
<subfield code="e">author</subfield>
</datafield>
<datafield tag="260" ind1=" " ind2=" ">
<subfield code="c">2020</subfield>
</datafield>
<datafield tag="520" ind1=" " ind2=" ">
<subfield code="a">We analyze optimal pollution standards and enforcement strategies in settings where environmental damages depend on accumulated pollution, and enforcement is socially costly. We assume that a regulator and a representative polluting firm interact in a Stackelberg differential game, and we specifically allow the firm to pollute above the limit, and pay the corresponding fine.  A crucial element is how progressive the fine is with respect to the degree of non-compliance. Some of our results contradict the related literature on the control of stock pollutants under full-compliance.  In particular, we find that setting standards dependent on the pollution stock (setting quantities) is preferred if fines are sufficiently non-linear; while setting fines dependent on the pollution stock (setting prices) is preferred if fines are linear or almost linear, and specially when the environmental problem is particularly harmful</subfield>
</datafield>
<datafield tag="024" ind2=" " ind1="8">
<subfield code="a">Journal of Environmental Economics and Management, March 2020,  vol 100, 102297</subfield>
</datafield>
<datafield tag="024" ind2=" " ind1="8">
<subfield code="a">http://uvadoc.uva.es/handle/10324/41006</subfield>
</datafield>
<datafield tag="024" ind2=" " ind1="8">
<subfield code="a">10.1016/j.jeem.2019.102297</subfield>
</datafield>
<datafield tag="024" ind2=" " ind1="8">
<subfield code="a">Enforcing Regulatory Standards in Stock PollutionProblems</subfield>
</datafield>
<datafield tag="024" ind2=" " ind1="8">
<subfield code="a">100</subfield>
</datafield>
<datafield tag="245" ind1="0" ind2="0">
<subfield code="a">Enforcing regulatory standards in stock pollution problems</subfield>
</datafield>
</record></metadata></record></GetRecord></OAI-PMH>